000
00252 a2200097 4500
001
55376
100
_a
245
_a
Grammar and vocabulary ; a resource book for students
260
_a
London
_b
Routledge & K Paul
_c
2002
090
_c
34361
_d
34361
942
_a
NUST-CAE
_c
MONOGRAPH
_c
27071
999
_c
290449
_d
290449